Paroles - Interview de Johnny Rockfort - Starmania - Statistiques

Statistiques générales
  • Ce quiz a été pris 10 fois
  • Le résultat moyen est 117 sur 149
Statistiques - réponses
Answerd % Correct
Johnny
100%
Rockfort
100%
à
86%
astrologique
86%
ce
86%
chef
86%
de
86%
des
86%
du
86%
en
86%
est
86%
et
86%
être
86%
jamais
86%
le
86%
les
86%
lu
86%
moi
86%
Moi
86%
ne
86%
nous
86%
on
86%
ou
86%
pas
86%
que
86%
Quel
86%
qui
86%
signe
86%
vos
86%
vous
86%
vrai
86%
aimez
71%
assassins
71%
ces
71%
chômage
71%
dans
71%
déclarer
71%
derrière
71%
dissimulé
71%
d'la
71%
donner
71%
enfant
71%
Est-elle
71%
êtes
71%
êtes-vous ?
71%
Êtes-vous
71%
êtes-vous
71%
Etoiles
71%
étoiles
71%
évidentes
71%
fous
71%
hors-la-loi
71%
j'ai
71%
j'me
71%
j'm'en
71%
journal
71%
lequel
71%
mal
71%
maquillage ?
71%
mariage ?
71%
Mesdames
71%
Messieurs
71%
monde
71%
montrera
71%
musique
71%
naturiste ?
71%
Noires
71%
noires ?
71%
opinion
71%
papiers
71%
parle
71%
partout
71%
pensez-vous
71%
personnage
71%
plus
71%
politique
71%
porte
71%
pour
71%
pourquoi.
71%
Pourquoi
71%
pourquoi
71%
Pouvez-vous
71%
qu'avez-vous
71%
Qu'est-ce
71%
raisons
71%
soir
71%
son
71%
star ?
71%
sur
71%
terroriste
71%
un
71%
une
71%
véritable
71%
victimes ?
71%
visage
71%
vivons ?
71%
Votre
71%
votre
71%
voulez-vous
71%
anonymes ?
57%
crimes
57%
devant
57%
D'où
57%
expliquez-nous
57%
futuriste
57%
philosophie
57%
tous
57%
venez-vous ?
57%
montre-nous
29%
Aucun quiz correspondant
Distribution des résultats
% des personnes avec chaque résultat
Percentile par nombre de réponses
Votre historique - résultats
Vous n’avez pas pris ce quiz